000 00795pam a2200229 a 4500
001 2525224
005 20241118143029.0
008 931025s1994 paua 001 0 eng
020 _a9780030973543
050 0 0 _aQA184
_b.G76 1994
082 0 0 _a512/.5
_220
100 1 _aGrossman, Stanley I.
245 1 0 _aElementary linear algebra /
_cStanley I. Grossman.
250 _a5th ed.
260 _aAustralia
_bBrooks/Cole Thomson Learning
_cc1994.
300 _axx, 634, 119, 5 p. :
_bill. ;
_c25 cm.
500 _aIncludes index.
650 0 _aAlgebras, Linear.
856 4 2 _3Publisher description
_uhttp://www.loc.gov/catdir/enhancements/fy1401/93040951-d.html
856 4 1 _3Table of contents only
_uhttp://www.loc.gov/catdir/enhancements/fy1401/93040951-t.html
942 _2lcc
_cBK
_e5th Ed.
_n0
999 _c1282
_d1282